00391nam a2200121Ia 4500008004000000020001800040082001700058100002800075245007000103260004500173300000800218650004300226210210b1987 xxu||||| |||| 00| 0 eng d a81 207 0777 X a820.109 NAIT aNAIR (K R Ramachandra). aThree Indo-anglian poets: Henry Derozio Toru Dutt Sarojini Naidu. aN DbSterling Publishers Pvt Ltd.,c1987 a122 aHenry Derozio Toru Dutt Sarojini Naidu